000 00585nam a2200205Ia 4500
003 OSt
005 20230417105312.0
008 210423s2010 xx 000 0 und d
020 _a9788130907505
040 _cAL
041 _aeng
082 _a809.935 BLOH
100 _aBLOOM (Harold),Ed.
_989160
245 _aNathaniel Hawthornes the scarlet letter.
260 _aNew Delhi
_bViva Books Pvt Ltd
_c2010
300 _avii,209
_bPB
365 _b175
_cINR
906 _acritical ; Hawthornes ; interpretations ; letter. ; modern ; Nathaniel ; scarlet ; Viva
942 _2ddc
_cBK
999 _c159899
_d159899